| 000 | 00657nam a2200253Ia 4500 | ||
|---|---|---|---|
| 003 | OSt | ||
| 005 | 20220918214428.0 | ||
| 006 | a|||||r|||| 00| 0 | ||
| 007 | ta | ||
| 008 | 220917b |||||||| |||| 00| 0 eng d | ||
| 024 | _a137,480 | ||
| 037 | _cTextual | ||
| 040 |
_aARTS _cARTS _beng |
||
| 041 |
_2eng _aeng |
||
| 082 | _aXM2.73, N2 | ||
| 100 | _aDraper Hal | ||
| 245 | 0 | _aSocialism from below ed by E Haberkern | |
| 260 |
_aNew Jersey _bHumanities _c1992 |
||
| 300 |
_axviii,282p. _ccm. |
||
| 490 | _aRevolutionary studies | ||
| 650 | _aECONOMICS | ||
| 942 |
_hXM2.73, N2 _cTEXL _2CC |
||
| 999 |
_c260561 _d260561 |
||